000 00438nam a2200145 a 4500
001 000039659
005 20201002033650.0
008 130715s2006 xxu 000 0 spa d
020 _a9780826216588
040 _aDO-SdBNP
_bspa
_cBNPHU
100 1 _aBowen, Wayne H.,
_d1968-
_965849
245 1 0 _aSpain during world war II /
_cWayne H. Bowen.
260 _aEstados Unidos :
_bUniversity of Missouri press,
_c2006.
300 _a279 p. ;
_c25 cm.
999 _c39149
_d39149